000 00245nam a2200109Ia 4500
008 200302s9999 xx 000 0 und d
100 _aVandervort Don
245 _aBasic Wiring
260 _bOxmoor House Inc.,
260 _c1999
300 _a96 P.,
999 _c1732
_d1732